Country Trivia Logic Puzzle - Statistics

General Stats
  • This quiz has been taken 5,333 times
  • The average score is 15 of 29
Answer Stats
Answer % Correct
★Vatican City★ Every country in column D has a population ten million times the row number, rounded down.
99%
★Cuba★ One European country uses the Cyrillic alphabet.
64%
★Peru★ The capital of A6 has the letter Z. United States is not in this quiz.
64%
★Poland★ Country size increases going diagonally from A5 to E1. Ecuador shares its largest border with E4.
64%
★Argentina★ Every country in column A has green in their flags, but no country immediately to their right does.
60%
★Canada★ Five countries in column C are island countries. Suriname is not in this quiz.
60%
★United Kingdom★ Both countries with their capitals below sea level are in this quiz.
59%
★Australia★ The only "South" country is lower than the only "North" country.
57%
★South Africa★ Solomon Islands is not in this quiz.
54%
★Bulgaria★ Two countries border the Mediterranean.
53%
★Guyana★ C2 consists of just one island. Ireland is not in this quiz.
53%
★Uruguay★ E5 borders India. Belarus is not in this quiz.
52%
★Nepal★
51%
★Bolivia★ Panama is not in this quiz.
50%
★Nauru★ Three countries have four letters in their names.
49%
★Fiji★ No country in this quiz borders Sudan.
48%
★Netherlands★ Three African countries are entirely above the equator.
48%
★New Zealand★ Two countries with over 20% hindu population are in column A.
48%
★Republic of the Congo★ Four countries have "land" in their names.
48%
★Saint Lucia★ One country in this column is landlocked.
48%
★Cape Verde★ All countries on the A6-E2 diagonal are larger than the Netherlands.
46%
★Costa Rica★ One country in this quiz has a non-rectangular flag.
45%
★Myanmar★ Three countries have capitals with "town" in their names.
44%
★North Korea★ Four North American countries have red in their flags.
43%
★Azerbaijan★ No country in column E has more than 3 colors in its flag.
41%
★Marshall Islands★ Castries is the capital of one country in this quiz.
41%
★Tunisia★ C4 has a population over 10 million.
39%
★Cyprus★ B1 is not an English speaking country.
38%
★Sierra Leone★ D1 does not border any country.
30%
No matching quizzes found
Score Distribution
Percent of People with Each Score
Percentile by Number Answered
Your Score History
You have not taken this quiz